Modern-Day Countries inside Austria-Hungary - Statistics

General Stats
  • This quiz has been taken 32 times
  • The average score is 10 of 12
Answers on the Grid
Answers color-coded by a green-red scale on the quiz's grid according to % correct below.
Austria
Hungary
Germany
Poland
Danzig
Ukraine
Russia
Romania
Czechia
Slovakia
Italy
Slovenia
Serbia
France
Switzerland
Croatia
Bosnia & Herzgovina
Moldova
 
Answer Stats
Answer % Correct
Austria
100%
Hungary
92%
Serbia
92%
Slovakia
92%
Slovenia
92%
Czechia
88%
Bosnia & Herzgovina
84%
Poland
84%
Romania
84%
Croatia
80%
Ukraine
80%
Italy
72%
No matching quizzes found
Score Distribution
Percent of People with Each Score
Percentile by Number Answered
Your Score History
You have not taken this quiz